01467nam a2200337 a 4500001001000000003000500010005001700015008004100032010001100073011001100084040000900095090001000104100004300114245015100157260004100308500006000349502015800409590004100567590004000608590004000648650004300688650007500731650004900806650003100855856007000886901000700956942001000963942000600973999001900979952013100998000115679CHAP20220329144544.0190621s2018 mx | |sm |||||||spa d a112140 a113112 cCHAP aTesis1 aAlvarado Hernández, Leticia.913625610aPronóstico de caudales horarios con filtro de Kalman discreto en la Cuenca del Río Huaynamotah[En línea]cpor Leticia Alvarado Hernández. aChapingo, Méx. :bEl autor,c2018. aPara ver el contenido del material haga clic en la liga aTesis (M. C. en Ingeniería Agrícola y Uso Integral del Agua) -- UACH. Departamento de Ingeniería Mecanica Agrícola y Departamento de Irrigación aBATCH-UPDb05c20190621lUCH01h1203 aE6337LMJb05c20190621lUCH01h1202 aE6337LMJb05c20190621lUCH01h120314aCorrientes de aguaxMedición.92826114aCuencas hidrológicasxEscurrimientosxModelos matemáticos.913217614aCuencasxEscurrimientosxMedición.913160214aLluviaxMedición.967325 aFinding aiduhttp://10.13.5.2/tesis/sist115679.pdfzTeclea aquí aBK cTESIS n0 c112140d112140 00104054718TESISaBCbBCd2019-06-21fTESISl0oTesisp115689-10r2019-12-31 00:00:00w2019-12-31yTESISzRecien adquirido